| 000 | 00792nam a22002297a 4500 | ||
|---|---|---|---|
| 005 | 20170124110012.0 | ||
| 010 | _aA-318928 | ||
| 020 |
_c00.00 _a8121201187 |
||
| 035 | _aA-318928 | ||
| 037 | _bCen Lib/Ret | ||
| 040 |
_aDPL _bEN |
||
| 082 |
_a341.1 _bVYA |
||
| 100 |
_aVyas, R.N. _918013 |
||
| 245 |
_aIndian wisdom and international peace : _cby R.N.Vyas _bfrom the vedas & lord shrikrishna to ex-prime minister Morarji Desai with supplementary western thoughts / |
||
| 260 |
_aDelhi _bGian Publishing House _c1987 |
||
| 270 |
_a29/6, Shakti Nagar _bDelhi _e110007 |
||
| 300 |
_aix,176p. _c18cm(Hb) |
||
| 500 | _aIncludes index | ||
| 650 |
_aPeace -- Moral and ethical aspects. _918014 |
||
| 650 |
_aPeace movements -- India. _918015 |
||
| 942 |
_2ddc _cEN _h341.1 _mVYA |
||
| 999 |
_c126624 _d126624 |
||